000 01266nam a2200325 c 4500
003 BLK
005 20231221134425.0
008 180409b bul|||||r ||||||| ||bul||
010 _aKNG00123971000
020 _a978-954-9857-33-7
_bиздат.: Арс
040 _aBLK
041 _aBUL
_cBUL
072 7 _2bullib
_aН84
_xБългарска художествена литература Н
080 _aБългарска литература
_b821.163.2
_x-8
_z821.163.2-8
100 1 _aФилчева, Левена Филчева
_9134183
700 1 _aДишев, Валентин Диков
_eсъавт.
_9376628
139 _aФилчева, Левена Филчева и др.
_bФ 52
245 1 0 _aС
_bМалка бяла книга за незаглъхващи перкусии
_cЛевена Филчева Филчева; съавт. Валентин Диков Дишев.
257 _aBGR
260 София
_bАрс
_c2010
_fБлагоевград : Бон принт
300 _a73 с.
_c21 см
380 _aX
659 _aН
852 _aЦб 252186
856 4 _qpdf
_u
856 4 _qpdf
_u
942 _cKNG
_n0
944 _aCR
_c27.06.2011
_k30560
_lГеновева Генчева
944 _aED
_c01.11.2011
_k
999 _c118369
_d118369